000 00204nam a2200097Ia 4500
008 220204s9999 xx 000 0 und d
082 _a82-3
_bNEW
100 _aNewman, G F
245 0 _aGuvnor
942 _cBK
999 _c30799
_d30799